| 000 | 00628nam a22001937a 4500 | ||
|---|---|---|---|
| 999 |
_c173428 _d173428 |
||
| 005 | 20200224171437.0 | ||
| 010 | _aENG-127943 | ||
| 020 |
_a9789386806215 _c1495.00 |
||
| 035 | _aEN-111475 | ||
| 037 | _bDBAD/PUB | ||
| 082 | _a641.5 | ||
| 100 | _aShobha Kumari | ||
| 245 |
_aGloblization of Indian Food/ _cby Shobha Kumari |
||
| 260 |
_aNew Delhi _bIshwar Books _c2019 |
||
| 270 |
_aB-29,Arya Nagar CGHS Ltd, Plot.No. 91, I.P Extension, Patparganj _bNew Delhi _e110092 _mishwarbooks@gmail.com |
||
| 300 |
_avi;264p. _c24cm(hb) |
||
| 500 | _aIncludes Bibliography and Index | ||
| 942 |
_2ddc _cEN _h641.5 _mSHO |
||